Visualizzazione normale
Vista MARC
- Della Rovere, Papiniano.
di Personal Name
Records bibliografici associati: 1
001 - CONTROL NUMBER
- control field: 51760
003 - CONTROL NUMBER IDENTIFIER
- control field: IT-RoINE
005 - DATE AND TIME OF LATEST TRANSACTION
- control field: 20180719073658.0
008 - FIXED-LENGTH DATA ELEMENTS
- fixed length control field: 180719|| aca||aabn | a|a d
040 ## - CATALOGING SOURCE
- Original cataloging agency: IT-RoINE
- Transcribing agency: IT-RoINE
100 ## - HEADING--PERSONAL NAME
- Personal name: Della Rovere, Papiniano.
- Title of a work: Canones episcopales Ecclesie Novariensis
670 ## - SOURCE DATA FOUND
- Source citation: Work cat.: (IT-RoINE)0: Briacca, Giuseppe, sac. 51759, Gli statuti sinodali novaresi di Papiniano Della Rovere, a. 1298 /, 1971.